Prístupy k riadeniu finančných rizík v činnosti finančných inštitúcií

Finančné riziká a príležitosti. Klasifikácia rizík. Základné kroky pri riadení rizika. Modely finančného rizika a ich počítačová podpora. Nové trendy v prístupoch k riadeniu rizika.

Salvato in:
Dettagli Bibliografici
Autore principale: Chapčáková, Alexandra
Altri autori: Varcholová, Tatiana
Natura: Capitolo di libro
Lingua:slovacco
Soggetti:
Tags: Aggiungi Tag
Nessun Tag, puoi essere il primo ad aggiungerne!!

MARC

LEADER 00000naa$a2200000$$$4500
001 0027480
005 20230929124849.7
041 0 |a slo 
044 |a CZ 
245 1 0 |a Prístupy k riadeniu finančných rizík v činnosti finančných inštitúcií  |c Alexandra Chapčáková, Tatiana Varcholová 
520 |a Finančné riziká a príležitosti. Klasifikácia rizík. Základné kroky pri riadení rizika. Modely finančného rizika a ich počítačová podpora. Nové trendy v prístupoch k riadeniu rizika. 
610 2 0 |a riadenie 
610 2 0 |a risk management 
610 2 0 |a plánovanie 
610 2 0 |a trh finančný 
610 2 0 |a riziko finančné 
610 2 0 |a organizácie finančné 
610 2 0 |a modely ekonomicko-matematické 
610 2 0 |a metóda Monte Carlo 
100 1 |a Chapčáková, Alexandra 
700 1 |a Varcholová, Tatiana